კრისტალოქიმია : მოლეკულების და კრისტალების სიმეტრია : (ბიბ.ჩანაწერი № 37537)
[ მარტივი ფორმატი ]
| 000 -ლიდერი | |
|---|---|
| ფიქსირებული სიგრძის საკონტროლო ველი | 01121nam a2200241Ia 4500 |
| 001 - საკონტროლო ნომერი | |
| საკონტროლო ველი | 3502 |
| 003 - საკონტროლო ნომრის იდენტიფიკატორი | |
| საკონტროლო ველი | GE_BSU |
| 005 - ბოლო ოპერაციის თარიღი და დრო | |
| საკონტროლო ველი | 20190618160716.0 |
| 008 - ფიქსირებული სიგრძის მონაცემთა ელემენტები - ზოგადი ინფორმაცია | |
| ფიქსირებული სიგრძის საკონტროლო ველი | 181216s2007||||ge |||||||||||||| ||geo|| |
| 020 ## - წიგნის საერთაშორისო სტანდარტული ნომერი | |
| International Standard Book Number | 9789992807804 |
| 040 ## - კატალოგიზაციის წყარო | |
| Transcribing agency | GE_BSU |
| 041 ## - ენის კოდი | |
| Language code of text/sound track or separate title | geo |
| 080 ## - უნივერსალური ათობითი კლასიფიკაციის ინდექსი | |
| Universal Decimal Classification number | 548.3(075.8) მ–42 |
| 100 ## - მთავარი ჩანაწერი - პიროვნების სახელი | |
| Personal name | მაჩხოშვილი, რ. |
| 9 (RLIN) | 2553 |
| 245 ## - ცნობა სათაურის შესახებ | |
| Title | კრისტალოქიმია : მოლეკულების და კრისტალების სიმეტრია : |
| Remainder of title | სახელმძღვ. ქიმ. სპეც. სტუდ. / |
| Statement of responsibility, etc | რ. მაჩხოშვილი, ნ. დიდმანიძე. |
| 264 ## - წარმოების, გამოცემის, დისტრიბუციის და სხვა ცნობები | |
| გამოცემის, წარმოების, დისტრიბუციის... ადგილი | თბილისი : |
| გამოცემის, წარმოების, დისტრიბუციის... სახელწოდება | თბილისის სახ. უნ–ტის სტამბა, |
| გამოცემის, წარმოების, დისტრიბუციის... თარიღი | 2007. |
| 300 ## - ფიზიკური აღწერა | |
| Extent | 163 გვ. ; |
| Other physical details | 20 სმ. |
| 653 ## - INDEX TERM--UNCONTROLLED | |
| Uncontrolled term | კრისტალოქიმია. |
| 653 ## - INDEX TERM--UNCONTROLLED | |
| Uncontrolled term | მოლეკულების და კრისტალების სიმეტრია. |
| 653 ## - INDEX TERM--UNCONTROLLED | |
| Uncontrolled term | ქიმია |
| 700 ## - ADDED ENTRY--PERSONAL NAME | |
| Personal name | დიდმანიძე, ნ. |
| Relator term | ავტორი |
| 9 (RLIN) | 2554 |
| 942 ## - ADDED ENTRY ELEMENTS (KOHA) | |
| Koha item type | წიგნი |
| Source of classification or shelving scheme | |
| ჩამოწერის სტატუსი | დაკარგული ეგზემპლარის სტატუსი | კლასიფიკაციის წყარო ან თაროზე გაწყობის სქემა | დაზიანების სტატუსი | არ გაიცემა | მუდმივი მდებარეობა (დაცვის ადგილი) | ამჟამინდელი ადგილსამყოფელი | თაროზე განთავსების ადგილი | შეძენის თარიღი | სრული შენახვის შიფრი | შტრიხკოდი | ბოლო ოპერაციის თარიღი | ეგზემპლარის მიმდევრობითი ნომერი (კეტერი?) | ფასის ძალაში შესვლის თარიღი | ეგზემპლარის სახეობა | საჯარო შენიშვნა |
|---|---|---|---|---|---|---|---|---|---|---|---|---|---|---|---|
| ბათუმის შოთა რუსთაველის სახელმწიფო უნივერსიტეტის მთავარი ბიბლიოთეკა | ბათუმის შოთა რუსთაველის სახელმწიფო უნივერსიტეტის მთავარი ბიბლიოთეკა | წიგნსაცავი | 2018-12-17 | 548.3(075.8) მ–42 | 4980 | 2018-12-17 | 4980 | 2018-12-17 | წიგნი | ||||||
| ბათუმის შოთა რუსთაველის სახელმწიფო უნივერსიტეტის მთავარი ბიბლიოთეკა | ბათუმის შოთა რუსთაველის სახელმწიფო უნივერსიტეტის მთავარი ბიბლიოთეკა | წიგნსაცავი | 2018-12-17 | 548.3(075.8) მ–42 | 4981 | 2018-12-17 | 4981 | 2018-12-17 | წიგნი | ||||||
| ბათუმის შოთა რუსთაველის სახელმწიფო უნივერსიტეტის მთავარი ბიბლიოთეკა | ბათუმის შოთა რუსთაველის სახელმწიფო უნივერსიტეტის მთავარი ბიბლიოთეკა | წიგნსაცავი | 2018-12-17 | 548.3(075.8) მ–42 | 6436 | 2018-12-17 | 6436 | 2018-12-17 | წიგნი | ||||||
| ბათუმის შოთა რუსთაველის სახელმწიფო უნივერსიტეტის მთავარი ბიბლიოთეკა | ბათუმის შოთა რუსთაველის სახელმწიფო უნივერსიტეტის მთავარი ბიბლიოთეკა | წიგნსაცავი | 2018-12-17 | 548.3(075.8) მ–42 | 6435 | 2018-12-17 | 6435 | 2018-12-17 | წიგნი | ||||||
| ბათუმის შოთა რუსთაველის სახელმწიფო უნივერსიტეტის მთავარი ბიბლიოთეკა | ბათუმის შოთა რუსთაველის სახელმწიფო უნივერსიტეტის მთავარი ბიბლიოთეკა | წიგნსაცავი | 2018-12-17 | 548.3(075.8) მ–42 | 6434 | 2018-12-17 | 6434 | 2018-12-17 | წიგნი | ||||||
| ბათუმის შოთა რუსთაველის სახელმწიფო უნივერსიტეტის მთავარი ბიბლიოთეკა | ბათუმის შოთა რუსთაველის სახელმწიფო უნივერსიტეტის მთავარი ბიბლიოთეკა | წიგნსაცავი | 2018-12-17 | 548.3(075.8) მ–42 | 6433 | 2018-12-17 | 6433 | 2018-12-17 | წიგნი | ||||||
| ბათუმის შოთა რუსთაველის სახელმწიფო უნივერსიტეტის მთავარი ბიბლიოთეკა | ბათუმის შოთა რუსთაველის სახელმწიფო უნივერსიტეტის მთავარი ბიბლიოთეკა | 2018-12-17 | 548.3(075.8) მ–42 | 6432 | 2018-12-17 | 6432 | 2018-12-17 | წიგნი |
